000 00587nam a2200133Ia 4500
008 220615s9999||||xx |||||||||||||| ||und||
020 _a9782890000000
245 0 _aIntegrative Genomics and Network Biology in Livestock and other Domestic Animals
546 _aEnglish[eng]
650 _aLivestock||Domestic animal||Integrative genomics||Functional genomics||Network biology
700 _aMacHugh, David E.||Schaefer, Robert J.
856 _uhttps://www.frontiersin.org/research-topics/8507/integrative-genomics-and-network-biology-in-livestock-and-other-domestic-animals
942 _cEB
999 _c14277
_d14277